000 00282 a2200097 4500
082 _a624.15 NAY
100 _aNayak,Narayan V.
245 _aFoundation Design Manual /
_cNarayan v.Nayak
260 _aNew Delhi :
_cDhanpat Rai Publication,
_b2006.
300 _avariouse pages :
_bill . ;
_c25cm
650 _aFoundation
999 _c1097
_d1097